|
|
|
|
| LEADER |
00000nab a2200000uu 4500 |
| 001 |
vtls011515556 |
| 003 |
SK-MaSNL |
| 005 |
20260303162527.0 |
| 008 |
230302|1890 xo |||||||||||||||||slo| |
| 015 |
|
|
|a SNBRB
|
| 035 |
|
|
|a (urnnbn)urn:nbn:sk:snk:ar-001ilp
|
| 035 |
|
|
|a (uuid)c0ee3b8f-c311-41d2-b628-8658d83cac34
|
| 035 |
|
|
|a urn:nbn:sk:snk-abe56p
|
| 040 |
|
|
|a SNKBUCL
|b slo
|c SNKBUCL
|e AACR2
|
| 041 |
0 |
|
|a slo
|
| 044 |
|
|
|a xo
|c SK
|
| 100 |
1 |
|
|a S. Š.
|4 aut
|9 1026105
|
| 245 |
1 |
0 |
|a Regulovanie valuty.
|c S. Š.
|
| 773 |
0 |
|
|t Slovenské pohľady
|g Roč. 10, č. 7 (1890), s. 343-346
|
| 958 |
|
|
|a OND
|
| 958 |
|
|
|a EUIPO
|
| 958 |
|
|
|a article21
|
| 999 |
|
|
|c 2055055
|d 2056985
|